|
|
|
|
| LEADER |
00000nab a2200000 ar4500 |
| 001 |
vtls010170273 |
| 003 |
SK-MaSNL |
| 005 |
20260304233013.0 |
| 008 |
100921c20100826xo ||||||||||||00 b|slo |
| 015 |
|
|
|a SNBRB2010/09
|2 snkbucl
|
| 038 |
|
|
|a SNKBUCL
|
| 040 |
|
|
|a SNKBUCL
|b slo
|c SNKBUCL
|e AACR2
|
| 041 |
0 |
|
|a slo
|
| 044 |
|
|
|a xo
|c SK
|
| 080 |
|
|
|a 355.40
|x (437.6)
|2 2001
|
| 080 |
|
|
|a 32-051
|2 2001
|
| 100 |
1 |
|
|a Tódová, Monika,
|d 1982-
|4 aut
|9 232029
|
| 245 |
1 |
0 |
|a Mitrík necíti potrebu vysvetľovať
|b nový riaditeľ SIS odmietol vysvetliť svoju spochybnenú výpoveď v kauze Čuňo a odišiel
|c Monika Tódová
|
| 300 |
|
|
|b Fotogr.
|
| 600 |
1 |
7 |
|a Mitrík, Karol,
|d 1946-
|2 snkbucl
|9 12336
|
| 610 |
2 |
7 |
|a Slovenská informačná služba
|2 snkbucl
|
| 650 |
0 |
7 |
|a kauzy
|2 snkbucl
|9 1016128
|
| 773 |
0 |
|
|t Sme
|g Roč. 18, č. 197 (26.8.2010), s. 4
|x 1335-440X
|
| 852 |
|
|
|a SNK
|b KIS3GCP
|
| 856 |
4 |
1 |
|u http://www.sme.sk/c/5521158/mitrik-neciti-potrebu-vysvetlovat.html
|
| 958 |
|
|
|a SK
|
| 999 |
|
|
|c 3196721
|d 3198651
|